000 00774nam a2200253Ia 4500
003 OSt
005 20220918171406.0
006 a|||||r|||| 00| 0
007 ta
008 220917b |||||||| |||| 00| 0 eng d
020 _a9781606239384 (pbk)
_c1382.07
024 _a258,251
037 _b33104, 07/10/2011, Segment Book Distributors
_cTextual
040 _aARTS
_cARTS
_beng
041 _2eng
_aeng
082 _aT:3(P), Q1
100 _aBarone Diane M
_936289
245 0 _aChildren's literature in the classroom
260 _aNew York
_bThe Guilford Press USA
_c2011
300 _axiii,242p.
_ccm.
650 _aEDUCATION
942 _hT:3(P), Q1
_cTEXL
_2CC
999 _c139356
_d139356